00554nam a2200169Ia 450000500170000000800410001702000180005808200130007610000150008924500230010426000410012730000190016850000810018794200060026895200950027499900150036920241025051321.0240331s9999 xx 000 0 und d a9780143417729 bGOKa823 aGokhale, N 4aThe Habit of LOVE  aNew DelhibPenguin Books Indiac2012 aviii, 184 p ., aThe Habit of Love is a collection of stories about the inner lives of women. cL 001040708LaWERCLbWERCLcSSCd2024-03-31l0o 823 GOKp6741r2024-03-31w2024-03-31yL c5694d5694